Quiz Historique (Niveau Facile) - Statistiques

Statistiques générales
  • Ce quiz a été pris 121 fois
  • Le résultat moyen est 5 sur 10
Statistiques - réponses
Question Réponse % Correct
En quelle année a été signée l'Armistice de la Première Guerre Mondiale ? 1918
96%
Ville détruite en 79 ap.J-C par le Vésuve,dont il reste aujourd'hui quelques vestiges. Pompéi
91%
Célèbre Roi d'Angleterre connu pour avoir fait exécuter 2 de ses 6 épouses (Anne Boleyn et Catherine Howard) Henri VIII
53%
Peintre français ayant notamment réalisé le tableau intitulé "Les Nymphéas". Claude Monet
52%
Célèbre Pharaon d'Égypte dont le tombeau fut découvert par Howard Carter en 1922. Toutankhâmon
47%
Alliance de la Première Guerre Mondiale réunissant la France,le Royaume-Uni,et la Russie. La Triple-Entente
40%
En quelle année chu l'Empire Romain d'Occident ? 476
39%
Quelle peuple Rome affronta t-il lors des Guerres Puniques,un de ses chefs les plus célèbres étant Hannibal Barca ?(Mettre le nom de la ville) Carthage
39%
En quelle année est né le Roi Louis XIV,surnommé le Roi-Soleil ? 1638
23%
Période succédant à la Préhistoire. L'Antiquité
13%
Aucun quiz correspondant
Distribution des résultats
% des personnes avec chaque résultat
Percentile par nombre de réponses
Votre historique - résultats
Vous n’avez pas pris ce quiz